<?xml version="1.0" encoding="UTF-8"?>
<record
    xmlns:xsi="http://www.w3.org/2001/XMLSchema-instance"
    xsi:schemaLocation="http://www.loc.gov/MARC21/slim http://www.loc.gov/standards/marcxml/schema/MARC21slim.xsd"
    xmlns="http://www.loc.gov/MARC21/slim">

  <leader>02012nam2a2200349   4500</leader>
  <controlfield tag="001">rc\2934007</controlfield>
  <controlfield tag="005">20260315055331.0</controlfield>
  <datafield tag="035" ind1=" " ind2=" ">
    <subfield code="a">(NLR Aleph) 007083239</subfield>
  </datafield>
  <datafield tag="090" ind1=" " ind2=" ">
    <subfield code="a">13597943</subfield>
    <subfield code="c">13597943</subfield>
  </datafield>
  <datafield tag="100" ind1=" " ind2=" ">
    <subfield code="a">20110821d1934    u  y0rusy50      ca</subfield>
  </datafield>
  <datafield tag="101" ind1="0" ind2=" ">
    <subfield code="a">rus</subfield>
  </datafield>
  <datafield tag="102" ind1=" " ind2=" ">
    <subfield code="a">RU</subfield>
  </datafield>
  <datafield tag="105" ind1=" " ind2=" ">
    <subfield code="a">a   z   |||||</subfield>
  </datafield>
  <datafield tag="200" ind1="1" ind2=" ">
    <subfield code="a">&#x41E;&#x442;&#x437;&#x44B;&#x432;&#x447;&#x438;&#x432;&#x43E;&#x441;&#x442;&#x44C; &#x441;&#x435;&#x43B;&#x44C;&#x441;&#x43A;&#x43E;&#x445;&#x43E;&#x437;&#x44F;&#x439;&#x441;&#x442;&#x432;&#x435;&#x43D;&#x43D;&#x44B;&#x445; &#x440;&#x430;&#x441;&#x442;&#x435;&#x43D;&#x438;&#x439; &#x43D;&#x430; &#x438;&#x437;&#x432;&#x435;&#x441;&#x442;&#x43A;&#x43E;&#x432;&#x430;&#x43D;&#x438;&#x435; &#x432; &#x441;&#x432;&#x44F;&#x437;&#x438; &#x441; &#x43F;&#x43E;&#x447;&#x432;&#x435;&#x43D;&#x43D;&#x43E;&#x439; &#x43A;&#x438;&#x441;&#x43B;&#x43E;&#x442;&#x43D;&#x43E;&#x441;&#x442;&#x44C;&#x44E; &#x438; &#x441;&#x442;&#x435;&#x43F;&#x435;&#x43D;&#x44C;&#x44E; &#x43D;&#x430;&#x441;&#x44B;&#x449;&#x435;&#x43D;&#x43D;&#x43E;&#x441;&#x442;&#x44C; &#x43F;&#x43E;&#x447;&#x432; &#x43E;&#x441;&#x43D;&#x43E;&#x432;&#x430;&#x43D;&#x438;&#x44F;&#x43C;&#x438;</subfield>
    <subfield code="f">&#x41A;&#x435;&#x434;&#x440;&#x43E;&#x432;-&#x417;&#x438;&#x445;&#x43C;&#x430;&#x43D; &#x41E;.&#x41A;., &#x42F;&#x440;&#x443;&#x441;&#x43E;&#x432; &#x421;.&#x421;., &#x41A;&#x43E;&#x440;&#x43E;&#x43B;&#x435;&#x432;&#x430; &#x415;.&#x41C;., &#x41A;&#x43E;&#x436;&#x435;&#x432;&#x43D;&#x438;&#x43A;&#x43E;&#x432;&#x430; &#x410;.&#x41D;., &#x41A;&#x43E;&#x440;&#x447;&#x430;&#x433;&#x438;&#x43D;&#x430; &#x412;.&#x410;., &#x41A;&#x43E;&#x440;&#x430;&#x431;&#x435;&#x43B;&#x44C;&#x449;&#x438;&#x43A;&#x43E;&#x432;&#x430; &#x41A;.&#x410;.</subfield>
  </datafield>
  <datafield tag="210" ind1=" " ind2=" ">
    <subfield code="d">1934</subfield>
  </datafield>
  <datafield tag="215" ind1=" " ind2=" ">
    <subfield code="a">142, [3] &#x441;.</subfield>
    <subfield code="c">&#x438;&#x43B;.</subfield>
  </datafield>
  <datafield tag="225" ind1="1" ind2=" ">
    <subfield code="a">&#x422;&#x440;&#x443;&#x434;&#x44B;</subfield>
    <subfield code="f">&#x421;&#x421;&#x421;&#x420;. &#x41D;&#x41A;&#x417;. &#x410;&#x43A;&#x430;&#x434;. &#x441;.-&#x445;. &#x43D;&#x430;&#x443;&#x43A; &#x438;&#x43C;. &#x412;.&#x418;. &#x41B;&#x435;&#x43D;&#x438;&#x43D;&#x430;. &#x412;&#x441;&#x435;&#x441;. &#x43D;&#x430;&#x443;&#x447;.-&#x438;&#x441;&#x441;&#x43B;. &#x438;&#x43D;-&#x442; &#x443;&#x434;&#x43E;&#x431;&#x440;&#x435;&#x43D;&#x438;&#x439;, &#x430;&#x433;&#x440;&#x43E;&#x442;&#x435;&#x445;&#x43D;&#x438;&#x43A;&#x438; &#x438; &#x430;&#x433;&#x440;&#x43E;&#x43F;&#x43E;&#x447;&#x432;&#x43E;&#x432;&#x435;&#x434;&#x435;&#x43D;&#x438;&#x44F; &#x438;&#x43C;. &#x41A;.&#x41A;. &#x413;&#x435;&#x434;&#x440;&#x43E;&#x439;&#x446;&#x430; ...</subfield>
    <subfield code="v">&#x412;&#x44B;&#x43F;. 6</subfield>
  </datafield>
  <datafield tag="300" ind1=" " ind2=" ">
    <subfield code="a">&#x422;&#x438;&#x442;. &#x43B;. &#x43E;&#x448;&#x438;&#x431;&#x43E;&#x447;&#x43D;&#x43E;: &#x412;&#x44B;&#x43F;. 5</subfield>
  </datafield>
  <datafield tag="300" ind1=" " ind2=" ">
    <subfield code="a">&#x420;&#x435;&#x437;&#x44E;&#x43C;&#x435; &#x43D;&#x430; &#x43D;&#x435;&#x43C;. &#x44F;&#x437;.</subfield>
  </datafield>
  <datafield tag="320" ind1=" " ind2=" ">
    <subfield code="a">&#x411;&#x438;&#x431;&#x43B;&#x438;&#x43E;&#x433;&#x440;.: "&#x418;&#x441;&#x43F;&#x43E;&#x43B;&#x44C;&#x437;. &#x43B;&#x438;&#x442;." (24 &#x43D;&#x430;&#x437;&#x432;.)</subfield>
  </datafield>
  <datafield tag="461" ind1=" " ind2="0">
    <subfield code="1">001rc\2934006</subfield>
    <subfield code="1">2001#$a&#x418;&#x437;&#x432;&#x435;&#x441;&#x442;&#x44C;$f&#x420;&#x435;&#x434;. &#x43A;&#x43E;&#x43B;&#x43B;&#x435;&#x433;&#x438;&#x44F;: &#x418;.&#x413;. &#x414;&#x438;&#x43A;&#x443;&#x441;&#x430;&#x440;, &#x41E;.&#x41A;. &#x41A;&#x435;&#x434;&#x440;&#x43E;&#x432;-&#x417;&#x438;&#x445;&#x43C;&#x430;&#x43D;, &#x421;.&#x421;. &#x42F;&#x440;&#x443;&#x441;&#x43E;&#x432;$v1</subfield>
    <subfield code="9">6498463</subfield>
    <subfield code="c">&#x41C;&#x43E;&#x441;&#x43A;&#x432;&#x430;</subfield>
    <subfield code="d">1934</subfield>
    <subfield code="f">&#x420;&#x435;&#x434;. &#x43A;&#x43E;&#x43B;&#x43B;&#x435;&#x433;&#x438;&#x44F;: &#x418;.&#x413;. &#x414;&#x438;&#x43A;&#x443;&#x441;&#x430;&#x440;, &#x41E;.&#x41A;. &#x41A;&#x435;&#x434;&#x440;&#x43E;&#x432;-&#x417;&#x438;&#x445;&#x43C;&#x430;&#x43D;, &#x421;.&#x421;. &#x42F;&#x440;&#x443;&#x441;&#x43E;&#x432;</subfield>
    <subfield code="n">&#x412;&#x418;&#x423;&#x410; &#x438;&#x43C;. &#x41A;. &#x41A;. &#x413;&#x435;&#x434;&#x440;&#x43E;&#x439;&#x446;&#x430;</subfield>
    <subfield code="t">&#x418;&#x437;&#x432;&#x435;&#x441;&#x442;&#x44C;</subfield>
    <subfield code="v">1</subfield>
  </datafield>
  <datafield tag="700" ind1=" " ind2="1">
    <subfield code="a">&#x41A;&#x435;&#x434;&#x440;&#x43E;&#x432;-&#x417;&#x438;&#x445;&#x43C;&#x430;&#x43D;</subfield>
    <subfield code="b">&#x41E;.&#x41A;.</subfield>
    <subfield code="g">&#x41E;&#x441;&#x43A;&#x430;&#x440; &#x41A;&#x430;&#x440;&#x43B;&#x43E;&#x432;&#x438;&#x447;</subfield>
  </datafield>
  <datafield tag="701" ind1=" " ind2="1">
    <subfield code="a">&#x42F;&#x440;&#x443;&#x441;&#x43E;&#x432;</subfield>
    <subfield code="b">&#x421;.&#x421;.</subfield>
  </datafield>
  <datafield tag="701" ind1=" " ind2="1">
    <subfield code="a">&#x41A;&#x43E;&#x440;&#x43E;&#x43B;&#x435;&#x432;&#x430;</subfield>
    <subfield code="b">&#x415;.&#x41C;.</subfield>
  </datafield>
  <datafield tag="701" ind1=" " ind2="1">
    <subfield code="a">&#x41A;&#x43E;&#x436;&#x435;&#x432;&#x43D;&#x438;&#x43A;&#x43E;&#x432;&#x430;</subfield>
    <subfield code="b">&#x410;.&#x41D;.</subfield>
  </datafield>
  <datafield tag="701" ind1=" " ind2="1">
    <subfield code="a">&#x41A;&#x43E;&#x440;&#x447;&#x430;&#x433;&#x438;&#x43D;&#x430;</subfield>
    <subfield code="b">&#x412;.&#x410;.</subfield>
  </datafield>
  <datafield tag="701" ind1=" " ind2="1">
    <subfield code="a">&#x41A;&#x43E;&#x440;&#x430;&#x431;&#x435;&#x43B;&#x44C;&#x449;&#x438;&#x43A;&#x43E;&#x432;&#x430;</subfield>
    <subfield code="b">&#x41A;.&#x410;.</subfield>
  </datafield>
  <datafield tag="801" ind1=" " ind2="0">
    <subfield code="a">RU</subfield>
    <subfield code="b">NLR</subfield>
    <subfield code="g">psbo</subfield>
  </datafield>
  <datafield tag="801" ind1=" " ind2="1">
    <subfield code="a">RU</subfield>
    <subfield code="b">ELAR</subfield>
    <subfield code="2">rusmarc</subfield>
  </datafield>
  <datafield tag="852" ind1=" " ind2=" ">
    <subfield code="a">NLR</subfield>
    <subfield code="j">33-19/587(6)</subfield>
  </datafield>
  <datafield tag="942" ind1=" " ind2=" ">
    <subfield code="c">UNSPEC</subfield>
  </datafield>
  <datafield tag="980" ind1=" " ind2=" ">
    <subfield code="a">NB</subfield>
  </datafield>
</record>
